| 000 | 00474nam a22001697a 4500 | ||
|---|---|---|---|
| 999 |
_c41319 _d41319 |
||
| 003 | OSt | ||
| 005 | 20210428111412.0 | ||
| 008 | 210428b ||||| |||| 00| 0 eng d | ||
| 020 | _a9788182719536 | ||
| 040 | _coclc | ||
| 082 |
_a297 _bEDA/M |
||
| 100 |
_98599 _aEdathanattukara, G K |
||
| 245 |
_aMaranam Maranantharam/ _cG K Edathanattukara |
||
| 260 |
_aKozhikode: _bIPH, _c2019. |
||
| 300 | _a64 pages | ||
| 942 |
_2ddc _cBK _h297 _iEDA/M _k297 _mEDA/M |
||